[Event "BL2 Sued 0809 (Women)"]
[Site "Germany"]
[Date "2009.03.07"]
[Round "6.6"]
[White "Popp, Juliane"]
[Black "Weinmann, Helene"]
[Result "1-0"]
[WhiteElo "1305"]
[BlackElo "1526"]
[PlyCount "77"]
[EventDate "2008.11.08"]
[EventType "team-tourn"]
[EventRounds "7"]
[EventCountry "GER"]
[SourceTitle "EXT 2010"]
[Source "ChessBase"]
[SourceDate "2010.11.25"]
[SourceVersion "1"]
[SourceVersionDate "2010.11.25"]
[SourceQuality "1"]
[WhiteTeam "Neuperlach (W)"]
[BlackTeam "Differten (W)"]
[WhiteTeamCountry "GER"]
[BlackTeamCountry "GER"]

1. d4 Nf6 2. Nc3 d5 3. f3 Bf5 4. g4 Bg6 5. h4 h6 6. h5 Bh7 7. g5 hxg5 8. Bxg5 Nbd7 9. h6 Bg6 10. Qd2 c6 11. 0-0-0 Nh5 12. hxg7 Bxg7 13. e4 dxe4 14. fxe4 Ndf6 15. Bxf6 Bxf6 16. e5 Bg7 17. Qf2 Qd7 18. Nf3 Bh6+ 19. Kb1 0-0-0 20. Bh3 e6 21. d5 Qe8 22. Qxa7 cxd5 23. Nxd5 Rxd5 24. Rxd5 Be4 25. Rc5+ Bc6 26. Rd1 Be3 27. Qa8+ Kc7 28. Qa5+ Kb8 29. Nd4 Bxd4 30. Rxd4 Ng3 31. Bg2 Ne2 32. Rd1 Qc8 33. Bxc6 bxc6 34. Qb6+ Qb7 35. Rd8+ Rxd8 36. Qxd8+ Qc8 37. Qxc8+ Kxc8 38. Rxc6+ Kd7 39. Ra6 1-0

[Event "Bayern-ch (Women) 78th"]
[Site "Vaterstetten"]
[Date "2007.08.22"]
[Round "6"]
[White "Popp, Juliane"]
[Black "Lorenz, Oda"]
[Result "0-1"]
[WhiteElo "1266"]
[BlackElo "1686"]
[PlyCount "86"]
[EventDate "2007.08.18"]
[EventType "swiss"]
[EventRounds "9"]
[EventCountry "GER"]
[SourceTitle "EXT 2015"]
[Source "ChessBase"]
[SourceDate "2014.11.20"]
[SourceVersion "1"]
[SourceVersionDate "2014.11.20"]
[SourceQuality "1"]

1. d4 Nf6 2. Nc3 g6 3. e4 d6 4. Bg5 Bg7 5. Nf3 0-0 6. Bc4 Nbd7 7. h3 h6 8. Be3 c6 9. Qd2 g5 10. e5 dxe5 11. dxe5 Nh7 12. e6 Ne5 13. exf7+ Nxf7 14. Nd4 b5 15. Bxf7+ Rxf7 16. Nxc6 Qc7 17. Qd5 Bb7 18. Nxe7+ Qxe7 19. Qxb5 Bxg2 20. Rh2 Bf3 21. Nd5 Bxd5 22. Qxd5 Rd8 23. Qb3 Be5 24. Rg2 Qb7 25. Qxb7 Rxb7 26. c3 Rxb2 27. c4 Rc2 28. Rb1 Rxa2 29. h4 Rd3 30. hxg5 Rxe3+ 31. Kf1 Rh3 32. gxh6+ Kh8 33. f4 Rh1+ 34. Rg1 Rxg1+ 35. Kxg1 Ra1 36. Rxa1 Bxa1 37. Kg2 Bd4 38. Kf3 Nf6 39. f5 a5 40. Kf4 Kh7 41. Kg5 a4 42. c5 Ne4+ 43. Kf4 Nxc5 0-1

[Event "Bayern-ch (Women) 78th"]
[Site "Vaterstetten"]
[Date "2007.08.18"]
[Round "1"]
[White "Popp, Juliane"]
[Black "Roos, Karin"]
[Result "0-1"]
[WhiteElo "1266"]
[BlackElo "1718"]
[PlyCount "42"]
[EventDate "2007.08.18"]
[EventType "swiss"]
[EventRounds "9"]
[EventCountry "GER"]
[SourceTitle "EXT 2015"]
[Source "ChessBase"]
[SourceDate "2014.11.20"]
[SourceVersion "1"]
[SourceVersionDate "2014.11.20"]
[SourceQuality "1"]

1. d4 d5 2. e4 e6 3. Nc3 Bb4 4. exd5 Qxd5 5. Qg4 Kf8 6. Bd2 Bxc3 7. Bxc3 Nc6 8. Qf4 e5 9. dxe5 Be6 10. Nf3 h6 11. b3 Nge7 12. Bc4 Qc5 13. 0-0 Ng6 14. Qe4 Rd8 15. Bxe6 Qxc3 16. Qf5 Ngxe5 17. Nxe5 Nxe5 18. f4 g6 19. Qf6 Nf3+ 20. gxf3 Qxf6 21. Bc4 Rd2 0-1

[Event "Bayern-ch (Women) 74th"]
[Site "Bad Neustadt"]
[Date "2003.09.04"]
[Round "7"]
[White "Popp, Juliane"]
[Black "Stegmaier, Erika"]
[Result "0-1"]
[WhiteElo "1342"]
[BlackElo "1369"]
[PlyCount "106"]
[EventDate "2003.08.30"]
[EventType "swiss"]
[EventRounds "9"]
[EventCountry "GER"]
[SourceTitle "EXT 2015"]
[Source "ChessBase"]
[SourceDate "2014.11.20"]
[SourceVersion "1"]
[SourceVersionDate "2014.11.20"]
[SourceQuality "1"]

1. e4 c5 2. Nf3 d6 3. Bc4 e6 4. Nc3 Nf6 5. d3 g6 6. Bg5 Bg7 7. 0-0 0-0 8. e5 dxe5 9. Nxe5 Qc7 10. Nf3 a6 11. a3 Nc6 12. Qd2 b5 13. Bb3 Bb7 14. Bf4 Qc8 15. Bd6 Re8 16. Bxc5 Na5 17. Qe3 Nxb3 18. cxb3 Nd5 19. Nxd5 Bxd5 20. Qc1 Bxb3 21. d4 Bd5 22. Qe3 Qb7 23. Rac1 Rac8 24. Rfe1 Red8 25. h3 Bxf3 26. Qxf3 Qxf3 27. gxf3 Bxd4 28. b4 Bb2 29. Rcd1 Rd5 30. Rxd5 exd5 31. Re3 Rd8 32. Rd3 d4 33. Be7 Rd7 34. Bf6 h5 35. h4 Kf8 36. Kg2 Ke8 37. f4 Rd5 38. Kf3 Kd7 39. Ke4 Ke6 40. Bxd4 Bxd4 41. Rxd4 Rxd4+ 42. Kxd4 Kf5 43. Ke3 Kg4 44. f3+ Kxh4 45. Kf2 Kh3 46. f5 g5 47. f6 Kh2 48. f4 g4 49. Ke3 g3 50. Kd4 g2 51. Ke5 g1Q 52. Kd6 Qb6+ 53. Ke7 Qe6+ 0-1